Gemeinden im Schwalm-Eder-Kreis - Statistiken

Allgemein
  • Dieses Quiz wurde 36 mal gespielt
  • Das Durchschnittsergebnis liegt bei 16 aus 27
Antwortstatistiken
Antwort % Korrekt
Fritzlar
95%
Borken (Hessen)
80%
Melsungen
80%
Schwalmstadt
80%
Edermünde
70%
Felsberg
70%
Guxhagen
70%
Homberg (Efze)
70%
Neukirchen
70%
Wabern
65%
Gudensberg
60%
Neuental
60%
Bad Zwesten
55%
Frielendorf
55%
Jesberg
55%
Ottrau
55%
Schwarzenborn
55%
Knüllwald
50%
Körle
50%
Malsfeld
50%
Gilserberg
45%
Oberaula
45%
Schrecksbach
45%
Willingshausen
45%
Niedenstein
40%
Spangenberg
35%
Morschen
30%
Keine übereinstimmenden Quizze gefunden
Verteilung der Resultate
Anzahl Personen mit jedem Resultat
Perzentil nach korrekt beantworteten Fragen
Ihre Resultats-Entwicklung
Sie haben dieses Quiz noch nicht gespielt